| 000 | 00854cab a2200253 4500 | ||
|---|---|---|---|
| 001 | ABS55621 | ||
| 008 | 090401t1996 xxu||||| |||| 00| 0 eng d | ||
| 035 | _a(Sirsi) u17613 | ||
| 041 | _aeng | ||
| 245 | _aOldschool and Oldschool v Coll (VO) | ||
| 260 | _c1996 | ||
| 350 | _a0 | ||
| 490 |
_aRating Appeals _v1996 RA 265-271(5) |
||
| 520 | _a LT 27 November 1995. The assessment of premises with a personal planning permission for use as solicitors offices was reduced by 2.5% to reflect planning permission. Rateable value reduced from £18,000 to £17,500 accordingly. | ||
| 650 | _aASSESSMENTS | ||
| 650 | _aEFFECT ON VALUE | ||
| 650 | _aPERSONAL PLANNING PERMISSION | ||
| 650 | _aRATING APPEALS | ||
| 650 | _aREDUCTION | ||
| 650 | _aSOLICITORS OFFICE | ||
| 690 | _aRATING AND VALUATION-CASE LAW | ||
| 942 | _n0 | ||
| 948 | _c04/03/1997 | ||
| 999 |
_c11676 _d11676 |
||